Los flujos de capital hacia América Latina y la reestructuración de las economías centrales (Registro nro. 16506)
[ vista simple ]
| 000 -LEADER | |
|---|---|
| fixed length control field | 00385 a2200109 4500 |
| 001 - CONTROL NUMBER | |
| control field | ART_3559 |
| 005 - DATE AND TIME OF LATEST TRANSACTION | |
| control field | 20260410161716.0 |
| 008 - FIXED-LENGTH DATA ELEMENTS--GENERAL INFORMATION | |
| fixed length control field | 260409a |
| 100 1# - MAIN ENTRY--PERSONAL NAME | |
| Personal name | Bekerman, Marta |
| 245 10 - TITLE STATEMENT | |
| Title | Los flujos de capital hacia América Latina y la reestructuración de las economías centrales |
| 773 0# - HOST ITEM ENTRY | |
| Title | Desarrollo económico |
| Related parts | - Vol. 28, Nº 111 (oct./dic. 1988) |
| Record control number | REV1174 |
No hay ítems disponibles.